01507nam a2200385 c 450000100060000000300100000600500170001600700030003300800410003602000180007704000350009504100080013008400060013824501380014425000230028226400660030530000340037133600270040533700330043233800280046549000560049349000830054952100610063254500750069365000620076865000610083065000590089165000430095065500170099365500170101065500170102765500170104470000280106170000320108958786CO-BoRNBP20250828143717.0ta201218s2020 ck a|||ar|||| 00| pdspa d a9789585161139 aCO-BoRNBPbspaerdacCO-BoRNBP0 aspa aP01a¡Hola!, que me lleva la ola :brimas, juegos y versos /cselección de Sergio Andricaín ; ilustraciones de Ana María Londoño. aEdición especial 1aBogotá, Colombia :bDistribuidora y Editora Richmond,c2020 a87 páginas :bilustraciones 2rdacontentatextobtxt 2rdamediaasin mediaciónbn 2rdacarrieravolumenbnc0 a(Nidos para la lectura. Yo empiezo a leer con otros0 aPlan Nacional de Lectura y Escritura Leer es mi Cuento / Ministerio de Cultura aRecomendado para un público infantil mayor de 3 años aIncluye datos biográficos de los autores incluidos en la antología07aCanciones infantiles latinoamericanasvAntologías2LEMB04aLiteratura infantil hispanoamericanavAntologías2LEMB04aPoesía infantil hispanoamericanavAntologías2LEMB07aJuegos de PalabrasvAntologías2LEMB aAntologías aAntologías aAntologías aAntologías aAndricain, Sergioecomp aLondoño, Ana Maríaeill